| 000 | 01983cam a22004694i 4500 | ||
|---|---|---|---|
| 003 | PE-LiUPU | ||
| 005 | 20250731172738.0 | ||
| 008 | 150617s1983 sp r 000 0 spa d | ||
| 020 | _a8470500848 | ||
| 035 | _a(Sirsi) i9788470500848 | ||
| 040 |
_aPE-LiUPU _bspa _cPE-LiUPU _erda |
||
| 049 | _aPRUA | ||
| 082 | 0 | 4 |
_a223.2 _bG93 _221 |
| 100 | 1 |
_aGunkel, Hermann, _eautor. |
|
| 245 | 1 | 0 |
_aIntroducción a los Salmos / _cHermann Gunkel. |
| 264 | 1 |
_aValencia, España : _bEDICEP, _c1983. |
|
| 300 |
_a523 páginas ; _c24 centímetros. |
||
| 336 |
_atext _2rdacontent |
||
| 337 |
_aunmediated _2rdamedia |
||
| 338 |
_avolume _2rdacarrier |
||
| 490 | 1 |
_aClásicos de la ciencia bíblica ; _v1 |
|
| 505 | 0 | _aLos géneros de los salmos -- Los himnos -- Cantos de entronización -- Lamentaciones comunitarias -- Salmos reales -- Las lamentaciones individuales -- El canto individual de acción de gracias -- Los géneros menores -- El elemento profético en los salmos -- La poesía sapiencial en los salmos -- Mezclas de géneros, poemas alternos y poemas litúrgicos -- La historia de la poesía sálmica -- La colección de los salmos -- Los títulos del salterio. | |
| 526 | _aSEG42 | ||
| 526 | _aSEG41 | ||
| 526 | _aSEG40 | ||
| 526 | _aSEG39 | ||
| 526 | _aP94 | ||
| 526 | _aP87 | ||
| 526 | _aP86 | ||
| 526 | _aP85 | ||
| 526 | _aP77 | ||
| 526 | _aP76 | ||
| 526 | _aP35 | ||
| 630 |
_aBiblia _pA.T. _pSalmos _xIntroducciones. |
||
| 910 |
_ajck _bjvq _cjck _d20150616 |
||
| 942 |
_2ddc _cBOOK |
||
| 949 |
_a223.2 G93 _wDEWEY _c1 _i22279 _d2016-11-10 _e2016-11-8 _lCCODEBUL1 _mBUL _n23 _r0 _sY _tBOOK _u2015-6-17 _xTEOLOGIA _PP35 _0COMPRA _o.STAFF. Colección Teología |
||
| 994 |
_aC0 _bPEPRU |
||
| 596 | _a1 | ||
| 999 |
_a223.2 G93 _wDEWEY _c2059 _i22279 _d2059 _e2019-9-30 _f2021-11-11 _g5 _lCCODEBUL1 _mBUL _n29 _p40.00 _q23 _r0 _sY _tBOOK _u2015-6-17 _xTEOLOGIA _PP35 _0COMPRA _o.STAFF. Colección Teología |
||
| 980 |
_81 _gALBERTO SANCHEZ Responsable de Automatización |
||